História de um gato e de um rato que se tornaram amigos (Registo nº 33947)
[ vista simples ]
| 000 -Etiqueta do registo | |
|---|---|
| Valores | 00655nam a2200229 4500 |
| 010 ## - Número ISBN | |
| ISBN | 9789720044808 |
| 021 ## - Número do Depósito Legal | |
| Código do país | Portugal |
| Número | 357920/13 |
| 100 ## - Dados gerais de processamento | |
| Dados gerais | 20220608 frey50 |
| 101 ## - Língua de publicação | |
| Língua | Português |
| 102 ## - País de publicação | |
| País | Portugal |
| 200 ## - Titulo e menção de responsabilidade | |
| Título próprio | História de um gato e de um rato que se tornaram amigos |
| Primeira menção de responsabilidade | Luis Sepúlveda |
| Outras menções de responsabilidade | il. Paulo Galindro e trad. Helena Pitta |
| 205 ## - Menção da edição | |
| Edição | 1ª. ed. |
| 210 ## - Publicação | |
| Local de publicação | Porto |
| Endereço do editor | Porto Editora |
| Data de publicação | reimp. 2021 |
| 215 ## - Descrição física | |
| Paginação / Volumes | 63 [1] p. |
| Outras indicações físicas | il. |
| Dimensões | 20 cm |
| 700 ## - Autor principal | |
| Função | Autor |
| ID Autoridade | 188 |
| Apelido | Sepúlveda |
| Nome | Luis |
| 702 ## - Autor secundário | |
| Função | Ilustrador |
| Apelido | Galindro |
| Nome | Paulo |
| ID Autoridade | 189 |
| 702 ## - Autor secundário | |
| Função | Tradutor |
| ID Autoridade | 190 |
| Apelido | Pitta |
| Nome | Helena |
| 801 ## - Fonte de origem | |
| País | PT |
| Regras de catalogação | RPC |
| 090 ## - Tipo de documento | |
| Koha biblioitem number (autogenerated) | 33947 |
| 990 ## - Elementos KOHA | |
| Tipo de documento | Livro |
| 994 ## - Estado da catalogação | |
| Situação | Completo |
| Situação do levantamento | Situação do extravio | Biblioteca de origem | Biblioteca de empréstimo | Código de barras | Cota | Permissão de empréstimo | Tipo de documento | Forma de aquisição |
|---|---|---|---|---|---|---|---|---|
| Completo | Biblioteca Municipal de Viana Do Alentejo | Biblioteca Municipal de Viana Do Alentejo | 0033658 | 82-93 SEP | Disponível | Livro | Compra | |
| Completo | Biblioteca Municipal de Viana Do Alentejo | Biblioteca Municipal de Viana Do Alentejo Pólo Aguiar | 0033659 | 82-93 SEP | Disponível | Livro | Compra |